00456nam a2200121Ia 4500001000400000008004100004082003100045100006500076245011600141260003400257901002800291999001500319913241024s9999 xx 000 0 und d aRD/372.97293/R426e/7144-DO aRepública Dominicana.Secretaría de Estado de Educación 0aEstudio sobre la evaluación de la calidad de la Educación Inicial Estudio de Línea de Base, Informe Final bGrupo Gestión Modernac2006 a9/12/2010 10:35:39 a.m. c8633d8633